书目信息 |
| 题名: |
京郊自助游大全
|
|
| 作者: | 孙一 编 | |
| 分册: | ||
| 出版信息: | 北京 石油工业出版社 2002 |
|
| 页数: | 544页 | |
| 开本: | 19cm | |
| 丛书名: | ||
| 单 册: | ||
| 中图分类: | K928.91 | |
| 科图分类: | ||
| 主题词: | 导游--北京市 | |
| 电子资源: | ||
| ISBN: | 7-5021-3831-5 | |
| 000 | 00726nam0 2200217 45 | |
| 001 | 012002064067 | |
| 005 | 20041222092336.0 | |
| 010 | @a7-5021-3831-5@dCNY26.00 | |
| 100 | @a20020814d2002 em y0chiy0110 ea | |
| 101 | 0 | @achi |
| 102 | @aCN@b110000 | |
| 105 | @aab g 000yy | |
| 200 | 1 | @a京郊自助游大全@AJing Jiao Zi Zhu You Da Quan@f孙一等编@FSun Yi Deng Bian |
| 210 | @a北京@c石油工业出版社@d2002 | |
| 215 | @a544页@c照片,地图@d19cm | |
| 330 | @a本书从地理位置、景点风光、路在何方、旅游套餐、出游指南、食宿问题、知识加油站等方面分区对北京及郊区的主要旅游景点进行了详细介绍。 | |
| 606 | 0 | @a导游@y北京市 |
| 690 | @aK928.91@v4 | |
| 701 | 0 | @a孙一@4编 |
| 801 | 0 | @aCN@bNLC@c20020819 |
| 905 | @b340050-054@dK928.91@e271@f5 | |
| 京郊自助游大全/孙一等编.-北京:石油工业出版社,2002 |
| 544页:照片,地图;19cm |
| ISBN 7-5021-3831-5:CNY26.00 |
| 本书从地理位置、景点风光、路在何方、旅游套餐、出游指南、食宿问题、知识加油站等方面分区对北京及郊区的主要旅游景点进行了详细介绍。 |
| ● |
| 相关链接 |
|
|
|
|
正题名:京郊自助游大全
索取号:K928.91/271
 
预约/预借
| 序号 | 登录号 | 条形码 | 馆藏地/架位号 | 状态 | 备注 |
| 1 | 0340050 | 203400505 | 第二样本阅览室/ [索取号:K928.91/271] | 在馆 | |
| 2 | 0340051 | 203400514 | 第二借阅区/ [索取号:K928.91/271] | 在馆 | |
| 3 | 0340052 | 203400523 | 第二借阅区/ [索取号:K928.91/271] | 在馆 | |
| 4 | 0340053 | 203400532 | 第二借阅区/ [索取号:K928.91/271] | 在馆 | |
| 5 | 0340054 | 203400541 | 第二借阅区/ [索取号:K928.91/271] | 在馆 |